Sports Quiz

Random Sports or NHL Quiz

NHL 60 Goals In a Season Quiz Stats

 Plays Quiz Updated Feb 7, 2014

     
Support Sporcle.
Go Orange.
Score 0/39 Timer 05:00
5 Plays Today
Season Player % Correct
1981-82Wayne Gretzky
98.3%
1982-83Wayne Gretzky
98.3%
1983-84Wayne Gretzky
98.3%
1984-85Wayne Gretzky
98.3%
1986-87Wayne Gretzky
98.3%
2007-08Alexander Ovechkin
90.3%
1987-88Mario Lemieux
88.1%
1988-89Mario Lemieux
88.1%
1992-93Mario Lemieux
88.1%
1995-96Mario Lemieux
88.1%
1989-90Brett Hull
81.5%
1990-91Brett Hull
81.5%
1991-92Brett Hull
81.5%
1995-96Jaromir Jagr
78.2%
1992-93Teemu Selanne
71.1%
2011-12Steven Stamkos
71.1%
1978-79Mike Bossy
69.6%
1980-81Mike Bossy
69.6%
1981-82Mike Bossy
69.6%
1982-83Mike Bossy
69.6%
Season Player % Correct
1985-86Mike Bossy
69.6%
1970-71Phil Esposito
68.6%
1971-72Phil Esposito
68.6%
1973-74Phil Esposito
68.6%
1974-75Phil Esposito
68.6%
1984-85Jari Kurri
66.4%
1985-86Jari Kurri
66.4%
1988-89Steve Yzerman
62.3%
1989-90Steve Yzerman
62.3%
1992-93Pavel Bure
59.5%
1993-94Pavel Bure
59.5%
1977-78Guy Lafleur
58.7%
1992-93Alexander Mogilny
51.7%
1992-93Luc Robitaille
43.2%
1988-89Bernie Nicholls
36.6%
1976-77Steve Shutt
28.6%
1975-76Reggie Leach
25.5%
1982-83Lanny McDonald
23.5%
1981-82Dennis Maruk
22.4%

From the Vault

Carrie Fisher Movies

by joshmassey

Movies 8m
RIP Carrie Fisher (1956 - 2016)
Remove Ads.
Support Sporcle.
Get the best of Sporcle when you Go Orange. This ad-free experience offers more features, more stats, and more fun while also helping to support Sporcle. Thank you for becoming a member.

Show Comments

Extras

Top Quizzes Today


Score Distribution

Your Account Isn't Verified!

In order to create a playlist on Sporcle, you need to verify the email address you used during registration. Go to your Sporcle Settings to finish the process.

Report this User

Report this user for behavior that violates our Community Guidelines.

Details: